LEADER 01081cam0-22003371i-450- 001 990005111820403321 005 20140325114020.0 035 $a000511182 035 $aFED01000511182 035 $a(Aleph)000511182FED01 035 $a000511182 100 $a19990604e19751894km-y0itay50------ba 101 0 $ager 102 $aLI 105 $ay-------001yy 200 1 $a<>Schoinos bei den Aegyptern, Griechen und Römern$eeine metrologische und geographische$funtersuchung von Wilhelm Schwarz 210 $aNendeln$cKraus-Thomson$d1975. 215 $a126 p.$d22 cm 225 1 $aBerliner Studien für classische Philologie und Archaeologie$v15c 324 $aRistampa dell'edizione di Berlino del 1894 610 0 $aUnità di misura$aScheno 676 $a551 676 $a526 700 1$aSchwarz,$bWilhelm$0389775 801 0$aIT$bUNINA$gRICA$2UNIMARC 901 $aBK 912 $a990005111820403321 952 $aP2B-160-BSCPA-15 C$bBibl. 49626$fFLFBC 959 $aFLFBC 996 $aSchoinos bei den Aegyptern, Griechen und Römern$9534950 997 $aUNINA LEADER 02292nam 2200577 a 450 001 9910458519803321 005 20200520144314.0 010 $a1-283-15624-5 010 $a9786613156242 010 $a0-643-10013-X 035 $a(CKB)2560000000014519 035 $a(EBL)542592 035 $a(OCoLC)646068841 035 $a(SSID)ssj0000430419 035 $a(PQKBManifestationID)12148373 035 $a(PQKBTitleCode)TC0000430419 035 $a(PQKBWorkID)10453688 035 $a(PQKB)10006697 035 $a(MiAaPQ)EBC542592 035 $a(Au-PeEL)EBL542592 035 $a(CaPaEBR)ebr10620237 035 $a(CaONFJC)MIL315624 035 $a(EXLCZ)992560000000014519 100 $a20100526d2010 uy 0 101 0 $aeng 135 $aur|n|---||||| 181 $ctxt 182 $cc 183 $acr 200 10$aUrban nation$b[electronic resource] $eAustralia's planning heritage /$fRobert Freestone 210 $aCollingwood, Vic. $cCSIRO Pub. in association with the Dept. of the Environment, Water, Heritage and the Arts and the Australian Heritage Council$dc2010 215 $a1 online resource (333 p.) 300 $aDescription based upon print version of record. 311 $a0-643-09698-1 320 $aIncludes bibliographical references (p. 288-313) and index. 327 $aCover; CONTENTS; Foreword; Acknowledgements; Introduction; Chapter 1 A National Narrative; Chapter 2 Imagining Ideal Places; Chapter 3 Founding the Capital Cities; Chapter 4 A Nation of Planned Towns; Chapter 5 Metropolitan Strategies; Chapter 6 Suburban Dreams; Chapter 7 Renewing Cities; Chapter 8 Parks, Precincts and the Public Realm; Conclusion; Notes; Bibliography; INDEX 330 $aProvides the first national survey of the historical impact of urban planning and design on the Australian landscape. 606 $aCity planning$zAustralia$xHistory 606 $aLand use$xPlanning$xHistory 608 $aElectronic books. 615 0$aCity planning$xHistory. 615 0$aLand use$xPlanning$xHistory. 676 $a307.12160994 700 $aFreestone$b Robert$0940680 801 0$bMiAaPQ 801 1$bMiAaPQ 801 2$bMiAaPQ 906 $aBOOK 912 $a9910458519803321 996 $aUrban nation$92121263 997 $aUNINA